NFL Quiz 1.2 - Statistics

General Stats
  • This quiz has been taken 21 times
  • The average score is 11 of 15
Answer Stats
Question: Answer: % Correct
How many yards is a facemask penalty? 15
100%
How many players are there on the field in total? 22
100%
Which team loss 4 straight superbowls? Buffalo Bills
100%
Which team won the first superbowl? Green Bay Packers
100%
Who caught the most TDs by Tom Brady? Rob Gronkowski
100%
What team did the Dallas Cowboys trade WR Amari Cooper to? Cleveland Browns
95%
Who holds the record for most rushing yards in a career? Emmitt Smith
85%
How many yards is a football field? (Endzones Included) 120
80%
Which QB had a TD/INT ratio of 30-30 in 2019? Jameis Winston
80%
Who holds the record for most rushing yards in a game with 296 yds? Adrian Peterson
65%
Who had the infamous helmet catch during superbowl XLII? David Tyree
50%
Who broke the record for most interceptions returned for a touchdown in the 2023 season? Daron Bland
45%
How many players dress out on gameday? 48
35%
Troy Aikman, Michael Irvin & Emmitt Smith were called the? The Triplets
10%
What player managed to rush for a 99 yd td with 10 players on offense? Tony Dorsett
5%
No matching quizzes found
Score Distribution
Percent of People with Each Score
Percentile by Number Answered
Your Score History
You have not taken this quiz